Statistics for The World's Happiest Countries in 2016

Click here to take the quiz!

General Stats

  • This quiz has been taken 857 times
  • The average score is 18 of 25

Answer Stats

#Country% Correct
10Sweden
96%
5Finland
95%
4Norway
95%
1Denmark
91%
13Usa
90%
6Canada
89%
16Germany
86%
9Australia
85%
3Iceland
85%
23UK
85%
2Switzerland
79%
8New Zealand
77%
19Ireland
76%
7Netherlands
75%
18Belgium
73%
12Austria
72%
20Luxembourg
60%
17Brazil
57%
26Argentina
55%
21Mexico
55%
22Singapore
48%
24Chile
47%
11Israel
31%
14Costa Rica
25%
25Panama
23%

Score Distribution

Percentile by Number Answered

Percent of People with Each Score

Your Score History

You have not taken this quiz